Le vrai titre de la croix (Record no. 52969)
[ view plain ]
| 000 -LEADER | |
|---|---|
| campo de control de longitud fija | 00835nam a22001815i 4500 |
| 001 - NÚMERO DE CONTROL | |
| campo de control | 52969 |
| 003 - IDENTIFICADOR DE NÚMERO DE CONTROL | |
| campo de control | ES-MaACL |
| 005 - FECHA Y HORA DE LA ÚLTIMA TRANSACCIÓN | |
| campo de control | 20230906162658.0 |
| 007 - CAMPO FIJO DE DESCRIPCIÓN FÍSICA--INFORMACIÓN GENERAL | |
| campo de control de longitud fija | t| |
| 008 - DATOS DE LONGITUD FIJA--INFORMACIÓN GENERAL | |
| campo de control de longitud fija | 950906s1898 sz ||||1| fre d |
| 040 ## - FUENTE DE CATALOGACIÓN | |
| Centro catalogador/agencia de origen | CAM |
| Lengua de catalogación | spa |
| Centro/agencia transcriptor | CAM |
| 100 1# - ENTRADA PRINCIPAL--NOMBRE DE PERSONA | |
| Nombre de persona | Donadiu y Puignau, Delfín. |
| 9 (RLIN) | 45273 |
| 245 13 - MENCIÓN DEL TÍTULO | |
| Título | Le vrai titre de la croix |
| Resto del título | : compte rendu du quatrième Congrès Scientifique International des Catholiques tenu a Fribourg (Suisse) du 16 au 20 aout 1897 / |
| Mención de responsabilidad, etc. | Delfin Donadiu y Puignau. |
| 260 ## - PUBLICACIÓN, DISTRIBUCIÓN, ETC. | |
| Lugar de publicación, distribución, etc. | Fribourg : |
| Nombre del editor, distribuidor, etc. | imprimerie et libraire de l'oeuvre de Saint-Paul, |
| Fecha de publicación, distribución, etc. | 1898. |
| 300 ## - DESCRIPCIÓN FÍSICA | |
| Extensión | [4], 13 p., [4] h. de lám. ; |
| Dimensiones | 25 cm. |
| 711 2# - ENTRADA AGREGADA--NOMBRE DE REUNIÓN | |
| Nombre de congreso/reunión o jurisdicción como elemento de entrada | Congrès Scientifique International des Catholiques ( |
| Número del congreso/reunión o número de parte o sección | 4e. |
| Fecha del congreso o de la firma del tratado | 1897. |
| Sede del congreso/Lugar de la reunión | Fribourg) |
| 9 (RLIN) | 279 |
| 852 ## - LOCALIZACIÓN | |
| Ubicación | ES-MaACL |
| Número de control de estantería | T-840-F-2 |
| Nota libre | .- Enc. en un vol. facticio conservando la enc. original |
| -- | .- Ded. ms. del autor |
| Estatus retirado | Estado de pérdida | Estado de daño | No para préstamo | Colección | Biblioteca de origen | Biblioteca actual | Ubicación en estantería | Fecha de adquisición | Fuente de adquisición | Total de préstamos | Signatura topográfica completa | Código de barras | Visto por última vez | Precio de reemplazo | Tipo de ítem Koha |
|---|---|---|---|---|---|---|---|---|---|---|---|---|---|---|---|
| Colección de folletos | Biblioteca del Ateneo de Madrid | Biblioteca del Ateneo de Madrid | Depósito folletos | 17/01/2008 | T-840-F-2 | 1055663 | 23/02/2023 | 23/02/2023 | Folleto |
